000 00645nam a2200241Ia 4500
001 43513
005 20240114003551.0
007 ta
008 081120s005- g b000 u asm u
040 _aCotton College,Assam
041 _aasm
082 _a070.175
_bSHR
100 _aShreyam, Srishti .
245 0 _aCottonian (2005-2006) /
_cSrishti Shreyam.
_hTextual Documents
250 _aIst ed /
260 _aCotton College , Assam :
_bEditorial Board ,
_c2005-2006.
300 _a144p ;
653 _aMagazine- Cottonian
653 _aReference section
942 _2ddc
_cBK
999 _c43479
_d43479